The art of Portugal (Record no. 7641)

MARC details
000 -CABECERA
campo de control de longitud fija 00773nam a2200241 a 4500
001 - NÚMERO DE CONTROL
campo de control BRCA_7972
005 - FECHA Y HORA DE LA ÚLTIMA TRANSACCIÓN
campo de control 20190320210057.0
008 - DATOS DE LONGITUD FIJA--INFORMACIÓN GENERAL
campo de control de longitud fija 220414s1968----nyua###f##---#001-0#eng-#
041 ## - CÓDIGO DE LENGUA
Código de lengua del texto/banda sonora o título independiente eng
044 ## - CÓDIGO DEL PAÍS DE LA ENTIDAD EDITORA/PRODUCTORA
Código MARC del país nyu
050 #4 - SIGNATURA TOPOGRÁFICA DE LA BIBLIOTECA DEL CONGRESO
Número de clasificación N7124
Número de documento/Ítem .S55
-- 1968
100 1# - ENTRADA PRINCIPAL--NOMBRE DE PERSONA
Nombre de persona Smith, Robert C.
9 (RLIN) 19764
245 10 - MENCIÓN DE TÍTULO
Título The art of Portugal
Resto del título 1500-1800
Mención de responsabilidad, etc. Robert C. Smith.
260 ## - PUBLICACIÓN, DISTRIBUCIÓN, ETC.
Lugar de publicación, distribución, etc. New York
Nombre del editor, distribuidor, etc. Meredith
Fecha de publicación, distribución, etc. 1968
300 ## - DESCRIPCIÓN FÍSICA
Extensión 320 p.
Otras características físicas il. a color, 280 láminas
Dimensiones 28 cm.
500 ## - NOTA GENERAL
Nota general 3143
500 ## - NOTA GENERAL
Nota general Ejemplar igual a 3171 (31-071), sólo cambia el lugar de publicación (London) y la editorial (Weidenfeld and Nicolson)
504 ## - NOTA DE BIBLIOGRAFÍA, ETC.
Nota de bibliografía, etc. Bibliografía p. 313-316
650 14 - PUNTO DE ACCESO ADICIONAL DE MATERIA--TÉRMINO DE MATERIA
Término de materia o nombre geográfico como elemento de entrada Arte
Subdivisión cronológica 1500-1800
Subdivisión geográfica Portugal
9 (RLIN) 19765
650 14 - PUNTO DE ACCESO ADICIONAL DE MATERIA--TÉRMINO DE MATERIA
Término de materia o nombre geográfico como elemento de entrada Arte
Subdivisión de forma Historia
Subdivisión geográfica Portugal
9 (RLIN) 19766
902 ## - CATALOGADOR
Iniciales GFM
942 ## - ELEMENTOS DE PUNTO DE ACCESO ADICIONAL (KOHA)
Fuente del sistema de clasificación o colocación Library of Congress Classification
Tipo de ítem Koha Libros
Holdings
Estado de retiro Estado de pérdida Estado dañado No para préstamo Localización permanente Ubicación/localización actual Fecha de adquisición Número de inventario Total de préstamos Signatura topográfica completa Código de barras Fecha visto por última vez Precio válido a partir de Tipo de ítem Koha
El ejemplar forma parte de la colección y puede ser consultado según las políticas vigentes.       Biblioteca del Museo Franz Mayer (Rogerio Casas-Alatriste) Biblioteca del Museo Franz Mayer (Rogerio Casas-Alatriste) 11/03/2014 3143   N7124 .S55 1968 (3143) 8583 22/03/2019 22/03/2019 Libros